Statistics for Pictures by Letter - Q

Click here to take the quiz!

General Stats

  • This quiz has been taken 15,844 times
  • The average score is 11 of 15

Answer Stats

Answer% Correct
Queen
99%
Quartz
87%
Quack
86%
Quran
86%
Queue
84%
Quartet
82%
Quiche
76%
Quilt
76%
Qwerty
75%
Quail
74%
Qantas
69%
Quill
55%
Quadratic
51%
Quarterback
42%
Quixote
38%

Score Distribution

Percentile by Number Answered

Percent of People with Each Score

Your Score History

You have not taken this quiz